Analýza vzdelávania
Identifikácia troch faktorov s kľúčovým vplyvom na zmeny budúcej spoločnosti, a to vplyv informačnej spoločnosti, vedecko-technologického pokroku a internacionalizácie ekonomiky. Rast poznania, univerzálnosť a rýchlosť zmien technológií a zostrujúca sa ekonomická súťaž mení charakter a organizáciu p...
Na minha lista:
| Autor principal: | |
|---|---|
| Formato: | Capítulo de Livro |
| Idioma: | eslovaco |
| Assuntos: | |
| Tags: |
Sem tags, seja o primeiro a adicionar uma tag!
|
MARC
| LEADER | 00000nla$a2200000$$$4500 | ||
|---|---|---|---|
| 001 | 0080303 | ||
| 005 | 20221128083851.6 | ||
| 041 | 0 | |a slo | |
| 044 | |a SK | ||
| 245 | 1 | 0 | |a Analýza vzdelávania |c Vladislav Rosa |
| 520 | |a Identifikácia troch faktorov s kľúčovým vplyvom na zmeny budúcej spoločnosti, a to vplyv informačnej spoločnosti, vedecko-technologického pokroku a internacionalizácie ekonomiky. Rast poznania, univerzálnosť a rýchlosť zmien technológií a zostrujúca sa ekonomická súťaž mení charakter a organizáciu práce a kladie nové požiadavky na pracovníkov. Zmeny vo financovaní všetkých úrovní vzdelávania. Problém zvyšovania kvality vysokoškolského štúdia. | ||
| 610 | 2 | 0 | |a vyučovanie |
| 610 | 2 | 0 | |a vzdelávanie |
| 610 | 2 | 0 | |a spoločnosť informačná |
| 610 | 2 | 0 | |a školstvo |
| 610 | 2 | 0 | |a učitelia |
| 100 | 1 | |a Rosa, Vladislav | |